Statystyki dla Świat - Test ogólnej wiedzy

Kliknij tutaj aby rozwiązać quiz!

Ogólne statystyki

  • Ten quiz został rozwiązany 57 razy
  • Średni wynik to 8 z 10

Statystyki odpowiedzi

HintOdpowiedź% Poprawnych
Stolica Japonii?Tokio
98%
Największa rzeka w Ameryce Południowej?Amazonka
92%
Kontynent, na którym znajduje się Indonezja?Azja
92%
Kraj, w którym znajduje się Wielki Kanion?Stany Zjednoczone
90%
Największa wyspa na świecie?Grenlandia
88%
Najwyższy szczyt Afryki?Kilimandżaro
88%
Kraj, w którym leży Pustynia Atacama?Chile
69%
Morze między Europą a Afryką?Morze Śródziemne
69%
Największa wyspa w basenie Morza Śródziemnego?Sycylia
56%
Najgęściej zaludniony kraj na świecie?Monako
50%

Rozkład punktacji

Percentyl według liczby udzielonych odpowiedzi

Procent ludzi z każdym wynikiem

Twoja historia wyników

Nie rozwiązałeś tego quizu